| 000 | 00877nam a2200301Ia 4500 | ||
|---|---|---|---|
| 001 | Para_7062 | ||
| 003 | CHAP | ||
| 008 | 220125s1914 xx 000 0 und d | ||
| 010 | _a205889 | ||
| 040 | _cCHAP | ||
| 090 | _aPA FOLLETO 1515 | ||
| 100 |
_aMarsh, Dwight _971590 |
||
| 245 |
_aCicuta, or water hemlock / _c Dwight Marsh, A. B. Clawson, and Hadleigh Marsh |
||
| 260 |
_aWashington : _b Department of Agriculture |
||
| 300 | _a27 p. | ||
| 440 |
_aEUA. Department of Agriculture Bull; 69 _9172017 |
||
| 650 |
_aPlantas venenosas para el ganado _989093 |
||
| 650 |
_aUmbelíferas _9116083 |
||
| 700 |
_aClawson, A.B. _923732 |
||
| 700 |
_aMarsh, Hadleigh _971592 |
||
| 901 | _aPA FOLLETO 1515 | ||
| 902 | _aA | ||
| 905 | _a0000001914 a 0000000000 00 | ||
| 910 | _a1914 | ||
| 942 | _cPARA | ||
| 942 |
_cPARA _d1 |
||
| 999 |
_c205889 _d205889 |
||